000 00597cam a2200181 4500
001 ##L132231
008 060119n 000 0 eng u
035 _a(Sirsi) u132231
041 0 _aeng
050 0 4 _a333.332 $2 18
110 0 _aEve, William and Sons
_94863
245 0 0 _aTables showing gross and ratable values for properties let at weekly inclusive rentals
250 _a4th ed.
260 _aGuildford
_bBiddles
_c19--
300 _a1
_fv
_bill, tables
_c20cm.
690 _aPROPERTY-RESIDENTIAL PROPERTY-RESIDENTIAL PROPERTY TAXATION-RESIDENTIAL PROPERTY TAXATION VALUATION
942 _n0
999 _c105064
_d105064